zpět

Detail výsledku týmu

The Pub Praha 2 ST, Praha

Datum a čas kvízu

27 Celkem bodů Celkový počet nahraných bodů na tomto kvízu bez doplňovacích otázek.
11. Pořadí na kvízu Konečné umístění týmu na tomto kvízu.

Zaznamenané odpovědi

# Otázka Odpověď Body Výsledky
1. Minulý týden navštívili Pražsk... Argentina, Slovensko 1
2. Minulý týden jsme se dozvěděli... A) elektrokol 0
3. Minulý týden jsme se dozvěděli... Tereza Pergnerová 0
4. V pondělí jsme se dozvěděli o... Dagmar Havlová 1
5. 41letý český atlet, který je d... Vítězslav Veselý 1
6. Dobytek se tradičně rozděloval... brav 0
7. Jak se jmenuje zobrazené asijs... kašmírská koza 0
8. Které z následujících tvrzení... D 1
9. Ještě do zhruba 13. století se... zebu 0
10. Zvířata, která mají vlnu, vylu... lanolin 0